Nexz Members by Picture - Statistics

General Stats
  • This quiz has been taken 11 times
  • The average score is 6 of 7
Answer Stats
Picture Answer % Correct
Haru
100%
So Geon
88%
Tomoya
88%
Yu
88%
Hyui
75%
Seita
75%
Yuki
75%
No matching quizzes found
Score Distribution
Percent of People with Each Score
Percentile by Number Answered
Your Score History
You have not taken this quiz